000 00591nam a2200181Ia 4500
003 GCL
008 140319s9999 xx 000 0 ara d
040 _aGCL /
_cGCL
082 0 4 _a953
_bم ت
100 1 _aمحمد حسن العيدروس
245 1 0 _aتاريخ الخليج العربى الحديث والمعاصر /
_cمحمد حسن العيدروس
300 _a416 ص
490 _aالهيئة العامة للاستعلامات
_v0
650 0 4 _aالتاريخ
650 0 4 _aالخليج العربى
650 0 4 _aالخليج العربى - تاريخ
942 _2ddc
_cBK
999 _c49665
_d49665